000 00589nam a2200181Ia 4500
008 090123s9999 xx 000 0 und d
082 _b10942
_a891.463/काळे
100 _aकाळे वैजयंती वामन
245 _aथोरला भाऊ
250 _a1
260 _bदिलिप प्रकाशन
_c1986
300 _a278
600 _aकाळे वैजयंती वामन
630 _aथोरला भाऊ
700 _aकाळे वैजयंती वामन
730 _aथोरला भाऊ
942 _cBOOK
999 _c49007
_d49007